000 00585nam a2200205Ia 4500
005 20250923150036.0
008 008 250917s9999 xx 000 0 eng d
037 _aTextual
040 _aDSWL
_beng
_cDSWL
041 _aeng
_2eng
084 _aYx,z1-34,5.211, N99
_qDSWL
100 _aWolf, Gita
_9841572
245 0 _aTrash : On regpicker children and recycling
_c by Gita Wolf
260 _aChennai
_bTar Publishing
_c1999
300 _a112 p.
365 _aINR
_b150
925 _g150
942 _cTEXL
_hYx,z1-34,5.211, N99
999 _c1458880
_d1458880